[Event "North Wales Major op 4th"]
[Site "Llandudno"]
[Date "2019.06.22"]
[Round "3"]
[White "Benson, Paul J"]
[Black "Davies, Sam"]
[Result "1/2-1/2"]
[WhiteElo "1849"]
[BlackElo "1693"]
[PlyCount "51"]
[EventDate "2019.06.21"]
[EventType "swiss"]
[EventRounds "5"]
[EventCountry "WLS"]
[SourceTitle "EXT 2020"]
[Source "ChessBase"]
[SourceDate "2019.10.17"]
[SourceVersion "1"]
[SourceVersionDate "2019.10.17"]
[SourceQuality "1"]

1. e4 e6 2. d4 d5 3. Nc3 Nf6 4. e5 Nfd7 5. Nf3 c5 6. dxc5 Bxc5 7. Bd3 Nc6 8. Bf4 Qb6 9. 0-0 Nb4 10. Na4 Qc6 11. Nxc5 Qxc5 12. a3 Nxd3 13. Qxd3 a6 14. b4 Qc7 15. Rfc1 b5 16. a4 Rb8 17. axb5 axb5 18. Ra5 Qc4 19. Qxc4 bxc4 20. c3 Nb6 21. Be3 0-0 22. Bxb6 Rxb6 23. Rca1 f6 24. Ra7 Rf7 25. Ra8 Rf8 26. R8a7 1/2-1/2

[Event "Telford 4NCL U2050 op"]
[Site "Telford"]
[Date "2018.11.04"]
[Round "8"]
[White "Benson, Paul J"]
[Black "Towers, Nigel S"]
[Result "1/2-1/2"]
[WhiteElo "1912"]
[BlackElo "1843"]
[PlyCount "33"]
[EventDate "2018.10.31"]
[EventType "swiss"]
[EventRounds "9"]
[EventCountry "ENG"]
[SourceTitle "EXT 2021"]
[Source "ChessBase"]
[SourceDate "2020.10.23"]
[SourceVersion "1"]
[SourceVersionDate "2020.10.23"]
[SourceQuality "1"]

1. d4 Nf6 2. Nc3 d5 3. Bg5 Bf5 4. f3 Nc6 5. e4 dxe4 6. d5 Nb4 7. Bxf6 exf6 8. fxe4 Bd7 9. Nf3 Bd6 10. a3 Na6 11. Bd3 Nc5 12. 0-0 0-0 13. b4 Nxd3 14. Qxd3 Qe7 15. Nd4 Qe5 16. g3 g6 17. Ncb5 1/2-1/2

[Event "Telford 4NCL U2050 op"]
[Site "Telford"]
[Date "2018.11.01"]
[Round "3"]
[White "Benson, Paul J"]
[Black "Di Vetta, Andrew"]
[Result "0-1"]
[WhiteElo "1912"]
[BlackElo "1681"]
[PlyCount "50"]
[EventDate "2018.10.31"]
[EventType "swiss"]
[EventRounds "9"]
[EventCountry "ENG"]
[SourceTitle "CBM 187 Extra"]
[Source "ChessBase"]
[SourceDate "2018.11.04"]
[SourceVersion "1"]
[SourceVersionDate "2018.11.04"]
[SourceQuality "1"]

1. e4 c5 2. Nf3 d6 3. d4 cxd4 4. Nxd4 Nf6 5. Nc3 a6 6. Be3 e5 7. Nb3 Be6 8. f3 Nbd7 9. Qd2 Qc7 10. 0-0-0 Rc8 11. Kb1 b5 12. g4 Be7 13. h4 Nb6 14. g5 Nh5 15. Bxb6 Qxb6 16. Bh3 Nf4 17. Nd5 Nxd5 18. exd5 Bxh3 19. Rxh3 b4 20. f4 f6 21. f5 Kd7 22. g6 h6 23. c4 Rxc4 24. Qd3 Rhc8 25. Nd2 Rd4 0-1

[Event "North Wales op 3rd"]
[Site "Llandudno"]
[Date "2018.06.22"]
[Round "1"]
[White "Benson, Paul J"]
[Black "Krupenko, Peter"]
[Result "1-0"]
[WhiteElo "1951"]
[BlackElo "1716"]
[PlyCount "43"]
[EventDate "2018.06.22"]
[EventType "swiss"]
[EventRounds "5"]
[EventCountry "WLS"]
[SourceTitle "EXT 2020"]
[Source "ChessBase"]
[SourceDate "2019.10.17"]
[SourceVersion "1"]
[SourceVersionDate "2019.10.17"]
[SourceQuality "1"]

1. e4 Nf6 2. Nc3 d5 3. e5 d4 4. exf6 dxc3 5. bxc3 exf6 6. Bc4 Bd6 7. Ne2 0-0 8. 0-0 b6 9. Ng3 Bb7 10. d4 Qd7 11. Be2 c5 12. Bf3 Qc7 13. Nf5 Nc6 14. Bh6 gxh6 15. Bxc6 Bxh2+ 16. Kh1 Bf4 17. Bxb7 Qxb7 18. Qg4+ Bg5 19. f4 Kh8 20. fxg5 Rg8 21. Nxh6 Rxg5 22. Nxf7+ 1-0

[Event "Doncaster 4NCL op-A 18th"]
[Site "Doncaster"]
[Date "2018.04.15"]
[Round "4"]
[White "Benson, Paul J"]
[Black "Kilshaw, Joe"]
[Result "1/2-1/2"]
[WhiteElo "1997"]
[BlackElo "2072"]
[PlyCount "47"]
[EventDate "2018.04.13"]
[EventType "swiss"]
[EventRounds "5"]
[EventCountry "ENG"]
[SourceTitle "CBM 184 Extra"]
[Source "ChessBase"]
[SourceDate "2018.06.28"]
[SourceVersion "1"]
[SourceVersionDate "2018.06.28"]
[SourceQuality "1"]

1. e4 d5 2. exd5 Qxd5 3. Nc3 Qd6 4. d4 Nf6 5. g3 c6 6. Bg2 Bg4 7. Nf3 e6 8. 0-0 Qc7 9. Qd3 Bf5 10. Qe2 Be7 11. Re1 Nbd7 12. a3 0-0 13. Nd1 Be4 14. c3 a5 15. Bf4 Bd6 16. Bxd6 Qxd6 17. Ne3 Rfd8 18. Rad1 Qc7 19. Nc4 h6 20. Rd2 a4 21. Red1 b5 22. Nce5 Nb6 23. Ne1 Bxg2 24. Kxg2 1/2-1/2

[Event "Doncaster 4NCL op-A 18th"]
[Site "Doncaster"]
[Date "2018.04.14"]
[Round "3"]
[White "Shaw, Peter"]
[Black "Benson, Paul J"]
[Result "1-0"]
[WhiteElo "2122"]
[BlackElo "1997"]
[PlyCount "57"]
[EventDate "2018.04.13"]
[EventType "swiss"]
[EventRounds "5"]
[EventCountry "ENG"]
[SourceTitle "CBM 184 Extra"]
[Source "ChessBase"]
[SourceDate "2018.06.28"]
[SourceVersion "1"]
[SourceVersionDate "2018.06.28"]
[SourceQuality "1"]

1. d4 f5 2. g3 g6 3. Bg2 Nf6 4. Nf3 Bg7 5. 0-0 0-0 6. c4 d6 7. b4 Nh5 8. Bb2 c5 9. bxc5 dxc5 10. e3 cxd4 11. exd4 Qc7 12. Qe2 f4 13. Nc3 fxg3 14. hxg3 Nf6 15. Ng5 Nc6 16. Ne6 Bxe6 17. Qxe6+ Kh8 18. Nb5 Qd7 19. Qxd7 Nxd7 20. Nc7 Rac8 21. Ne6 Rf6 22. Nxg7 Kxg7 23. d5 Na5 24. Bh3 Rc7 25. Bxd7 Rxd7 26. Rac1 Rc7 27. c5 Kf7 28. Bxf6 Kxf6 29. Rfe1 1-0

[Event "Doncaster 4NCL op-A 18th"]
[Site "Doncaster"]
[Date "2018.04.13"]
[Round "1"]
[White "Richardson, John R"]
[Black "Benson, Paul J"]
[Result "1-0"]
[WhiteElo "2251"]
[BlackElo "1997"]
[PlyCount "71"]
[EventDate "2018.04.13"]
[EventType "swiss"]
[EventRounds "5"]
[EventCountry "ENG"]
[SourceTitle "CBM 184 Extra"]
[Source "ChessBase"]
[SourceDate "2018.06.28"]
[SourceVersion "1"]
[SourceVersionDate "2018.06.28"]
[SourceQuality "1"]

1. d4 f5 2. g3 Nf6 3. Bg2 g6 4. Nf3 Bg7 5. 0-0 0-0 6. b3 Na6 7. Bb2 d6 8. c4 c5 9. Nc3 Rb8 10. e3 h6 11. Qe2 g5 12. Rad1 Qe8 13. Nb5 Bd7 14. Nxa7 Ne4 15. dxc5 Naxc5 16. Bxg7 Kxg7 17. Qb2+ Kg8 18. Nd4 Qg6 19. f3 Nf6 20. b4 Ne6 21. Qc2 Nxd4 22. Rxd4 Qf7 23. a4 Ne8 24. f4 g4 25. e4 Ng7 26. e5 Ra8 27. Nb5 Bxb5 28. axb5 dxe5 29. fxe5 e6 30. Qd2 Qg6 31. Bxb7 Ra3 32. Rd3 Ra7 33. Bg2 Nh5 34. b6 Raf7 35. Rd8 f4 36. b7 1-0

[Event "Paignton op"]
[Site "Paignton"]
[Date "2005.09.09"]
[Round "6"]
[White "Almond, Richard"]
[Black "Benson, Paul J"]
[Result "1/2-1/2"]
[WhiteElo "2096"]
[BlackElo "2044"]
[PlyCount "93"]
[EventDate "2005.09.04"]
[EventType "swiss"]
[EventRounds "7"]
[EventCountry "ENG"]
[SourceTitle "EXT 2007"]
[Source "ChessBase"]
[SourceDate "2006.11.23"]
[SourceVersion "1"]
[SourceVersionDate "2006.11.23"]
[SourceQuality "1"]

1. d4 f5 2. g3 Nf6 3. Bg2 g6 4. c4 Bg7 5. Nc3 d6 6. Nf3 0-0 7. 0-0 Qe8 8. Re1 Nc6 9. d5 Ne5 10. Qb3 Rb8 11. Nxe5 dxe5 12. c5 Kh8 13. c6 e6 14. Be3 b6 15. d6 cxd6 16. c7 Rb7 17. Nb5 d5 18. Nd6 Qc6 19. Nxb7 Qxb7 20. Rac1 Ne8 21. Qc2 Rf7 22. Qc6 Nxc7 23. Bg5 Qxc6 24. Rxc6 Bb7 25. Rcc1 Rd7 26. Red1 Nb5 27. Bd2 Kg8 28. Bf1 Nd4 29. Bc3 Nb5 30. e3 Nxc3 31. Rxc3 e4 32. Bb5 Re7 33. Rc2 Be5 34. b3 Kf7 35. a4 a5 36. Kf1 Bd6 37. Ke2 Bc5 38. Kf1 Kf8 39. Kg1 Kg7 40. Kf1 Kf6 41. Kg1 Ke5 42. Kg2 Kd6 43. Kg1 Bc6 44. Bxc6 Kxc6 45. Rb1 Kd6 46. Rd1 Rc7 47. Kf1 1/2-1/2

[Event "Paignton op"]
[Site "Paignton"]
[Date "2004.09.09"]
[Round "6"]
[White "Roberts, David Llewelyn"]
[Black "Benson, Paul J"]
[Result "1-0"]
[WhiteElo "2137"]
[BlackElo "2037"]
[PlyCount "70"]
[EventDate "2004.09.11"]
[EventType "swiss"]
[EventRounds "7"]
[EventCountry "ENG"]
[SourceTitle "EXT 2006"]
[Source "ChessBase"]
[SourceDate "2005.11.24"]
[SourceVersion "1"]
[SourceVersionDate "2005.11.24"]
[SourceQuality "1"]

1. e4 e6 2. d4 d5 3. Nd2 f5 4. exf5 exf5 5. Ndf3 Nf6 6. Bg5 h6 7. Bxf6 Qxf6 8. Ne5 Be6 9. Be2 Bf7 10. Qd3 c6 11. 0-0-0 Bd6 12. f4 Nd7 13. Ngf3 0-0-0 14. Kb1 Nf8 15. Qb3 Bc7 16. Qa4 Kb8 17. Rd3 Be8 18. Qb4 Qd6 19. Qd2 Nd7 20. Rd1 Nf6 21. Rb3 Ne4 22. Qe3 Bb6 23. c4 dxc4 24. Nxc4 Qc7 25. Nxb6 axb6 26. Bd3 Bf7 27. Ra3 Bd5 28. Ne5 Rhf8 29. g4 b5 30. Bc2 Qd6 31. gxf5 Nf6 32. Qd2 Rfe8 33. Rb3 Re7 34. Qa5 Rde8 35. Ra3 Nd7 1-0

[Event "Paignton op"]
[Site "Paignton"]
[Date "2004.09.07"]
[Round "4"]
[White "Benson, Paul J"]
[Black "Hodgson, John H"]
[Result "1/2-1/2"]
[WhiteElo "2037"]
[BlackElo "2230"]
[PlyCount "67"]
[EventDate "2004.09.11"]
[EventType "swiss"]
[EventRounds "7"]
[EventCountry "ENG"]
[SourceTitle "EXT 2006"]
[Source "ChessBase"]
[SourceDate "2005.11.24"]
[SourceVersion "1"]
[SourceVersionDate "2005.11.24"]
[SourceQuality "1"]

1. d4 Nf6 2. Nc3 d5 3. Bg5 Nbd7 4. Nf3 c6 5. e3 Qa5 6. Bd3 Ne4 7. 0-0 Nxg5 8. Nxg5 g6 9. f4 Nf6 10. f5 Bh6 11. h4 Qc7 12. Qf3 Bxf5 13. Bxf5 gxf5 14. Qxf5 Qg3 15. Qf4 Qxf4 16. exf4 Ng4 17. Rae1 Bg7 18. Nf3 Nh6 19. Kf2 Nf5 20. Rd1 h5 21. Rd3 Bf6 22. g3 e6 23. Nd1 Ke7 24. Ne3 Nd6 25. Nd2 Bg7 26. c3 b6 27. Kg2 c5 28. dxc5 bxc5 29. f5 c4 30. f6+ Bxf6 31. Nxd5+ exd5 32. Re3+ Kd7 33. Rxf6 Rab8 34. b4 1/2-1/2

[Event "Monarch Assurance 09th"]
[Site "Port Erin"]
[Date "2000.10.21"]
[Round "8"]
[White "Benson, Paul J"]
[Black "Nicholson, John"]
[Result "1-0"]
[WhiteElo "2011"]
[BlackElo "2021"]
[PlyCount "35"]
[EventDate "2000.10.14"]
[EventType "swiss"]
[EventRounds "9"]
[EventCountry "IOM"]
[SourceTitle "CBM 078 Extra"]
[Source "ChessBase"]
[SourceDate "2000.11.10"]
[SourceVersion "1"]
[SourceVersionDate "2000.11.10"]
[SourceQuality "1"]

1. d4 Nf6 2. Nc3 d5 3. Bg5 Nbd7 4. Nf3 e6 5. e4 dxe4 6. Nxe4 Be7 7. Nxf6+ gxf6 8. Bf4 c5 9. dxc5 Bxc5 10. Qd2 Qb6 11. 0-0-0 Bxf2 12. Bc4 e5 13. Bh6 e4 14. Rhf1 exf3 15. Rxf2 Ne5 16. Bb3 Be6 17. Ba4+ Ke7 18. Be3 1-0

[Event "Jersey op"]
[Site "St Helier"]
[Date "1999.02.16"]
[Round "3"]
[White "Benson, Paul J"]
[Black "Dodgson, John A"]
[Result "0-1"]
[WhiteElo "2010"]
[BlackElo "2115"]
[PlyCount "66"]
[EventDate "1999.02.??"]
[EventType "swiss"]
[EventRounds "7"]
[EventCountry "JCI"]
[SourceTitle "EXT 2000"]
[Source "ChessBase"]
[SourceDate "1999.11.16"]
[SourceVersion "1"]
[SourceVersionDate "1999.11.16"]
[SourceQuality "1"]

1. d4 d5 2. Nc3 Nf6 3. Bg5 c5 4. Nf3 Ne4 5. Bf4 Nc6 6. e3 Nxc3 7. bxc3 Bg4 8. Be2 e6 9. 0-0 Bd6 10. Bxd6 Qxd6 11. Nd2 Bxe2 12. Qxe2 0-0 13. Qb5 cxd4 14. cxd4 a6 15. Qb6 Rfc8 16. c4 dxc4 17. Nxc4 Qd5 18. Qb3 Nxd4 19. exd4 Rxc4 20. Rad1 b5 21. h3 Rd8 22. Qg3 Rxd4 23. Rxd4 Qxd4 24. Qc7 h6 25. Qa5 Rd6 26. Qc7 e5 27. Rc1 Qb6 28. Qc8+ Rd8 29. Qf5 Qd6 30. Re1 f6 31. h4 Qd2 32. Re3 Qxa2 33. g4 Rd1+ 0-1

[Event "Jersey op"]
[Site "St Helier"]
[Date "1999.02.15"]
[Round "2"]
[White "Rendle, Thomas E"]
[Black "Benson, Paul J"]
[Result "0-1"]
[WhiteElo "2073"]
[BlackElo "2010"]
[PlyCount "108"]
[EventDate "1999.02.??"]
[EventType "swiss"]
[EventRounds "7"]
[EventCountry "JCI"]
[SourceTitle "EXT 2000"]
[Source "ChessBase"]
[SourceDate "1999.11.16"]
[SourceVersion "1"]
[SourceVersionDate "1999.11.16"]
[SourceQuality "1"]

1. e4 e6 2. d4 d5 3. e5 c5 4. c3 Nc6 5. Nf3 Bd7 6. Be2 Nge7 7. Na3 Rc8 8. Nc2 cxd4 9. cxd4 g6 10. 0-0 Bg7 11. Bg5 0-0 12. Qd2 f6 13. exf6 Bxf6 14. Bxf6 Rxf6 15. Ne3 Nf5 16. Ng4 Rf8 17. Nge5 Nfxd4 18. Nxd4 Nxe5 19. Qe3 Qf6 20. Rae1 Nc4 21. Bxc4 Rxc4 22. Nf3 Re4 23. Qb3 Bc6 24. Rxe4 dxe4 25. Nd2 Bd5 26. Qb4 a5 27. Qb6 Qf4 28. Qd4 e3 29. fxe3 Qxd4 30. exd4 Rxf1+ 31. Kxf1 Bxa2 32. b3 b5 33. Ke2 a4 34. Kd3 Bxb3 35. Nxb3 axb3 36. Kc3 Kf7 37. Kxb3 Kf6 38. Kb4 e5 39. dxe5+ Kxe5 40. Kxb5 Ke4 41. Kc5 Ke3 42. Kd5 Kf2 43. g4 Kg2 44. Ke5 Kxh2 45. Kf4 Kh3 46. Kf3 g5 47. Kf2 Kxg4 48. Kg2 h5 49. Kh2 Kf3 50. Kg1 Kg3 51. Kh1 Kf2 52. Kh2 g4 53. Kh1 h4 54. Kh2 g3+ 0-1

[Event "Jersey op"]
[Site "St Helier"]
[Date "1999.02.14"]
[Round "1"]
[White "Gunter, David WW"]
[Black "Benson, Paul J"]
[Result "1-0"]
[WhiteElo "2159"]
[BlackElo "2010"]
[PlyCount "60"]
[EventDate "1999.02.??"]
[EventType "swiss"]
[EventRounds "7"]
[EventCountry "JCI"]
[SourceTitle "EXT 2000"]
[Source "ChessBase"]
[SourceDate "1999.11.16"]
[SourceVersion "1"]
[SourceVersionDate "1999.11.16"]
[SourceQuality "1"]

1. d4 e6 2. e4 d5 3. exd5 exd5 4. Nf3 f5 5. Bd3 Nf6 6. 0-0 Bd6 7. c4 c6 8. Nc3 0-0 9. Bg5 Kh8 10. cxd5 cxd5 11. Qb3 Nc6 12. Rfe1 Bd7 13. Nxd5 Na5 14. Qd1 Rc8 15. Nxf6 gxf6 16. Bd2 Rg8 17. Bc3 Nc4 18. d5 Qf8 19. Bf1 Qh6 20. Qd4 Ne5 21. Nxe5 fxe5 22. Qe3 Qxe3 23. Rxe3 Rge8 24. Rae1 Kg8 25. g3 e4 26. Bd4 Bb4 27. Rd1 Rc2 28. a3 Bd6 29. Rb3 b6 30. Bb5 Bc8 1-0

[Event "Monarch Assurance 07th"]
[Site "Port Erin"]
[Date "1998.11.15"]
[Round "9"]
[White "Summerscale, Aaron"]
[Black "Benson, Paul J"]
[Result "1-0"]
[WhiteElo "2455"]
[BlackElo "2010"]
[PlyCount "41"]
[EventDate "1998.11.07"]
[EventType "swiss"]
[EventRounds "9"]
[EventCountry "IOM"]
[SourceTitle "CBM 067 Extra"]
[Source "ChessBase"]
[SourceDate "1999.01.01"]
[SourceVersion "1"]
[SourceVersionDate "1999.01.01"]
[SourceQuality "1"]

1. d4 e6 2. c4 d5 3. Nc3 f5 4. Bf4 Nf6 5. e3 c6 6. Nf3 Bd6 7. Bxd6 Qxd6 8. Bd3 0-0 9. Qb3 b6 10. 0-0 Kh8 11. Rfc1 Ne4 12. a4 Nd7 13. a5 Ba6 14. axb6 axb6 15. c5 Nexc5 16. dxc5 Nxc5 17. Qa3 Bxd3 18. Qxa8 Nb3 19. Qb7 Nxc1 20. Ra7 Rg8 21. Ng5 1-0

[Event "Monarch Assurance 07th"]
[Site "Port Erin"]
[Date "1998.11.14"]
[Round "8"]
[White "Benson, Paul J"]
[Black "Longson, Alexander"]
[Result "1-0"]
[WhiteElo "2010"]
[BlackElo "2135"]
[PlyCount "67"]
[EventDate "1998.11.07"]
[EventType "swiss"]
[EventRounds "9"]
[EventCountry "IOM"]
[SourceTitle "CBM 067 Extra"]
[Source "ChessBase"]
[SourceDate "1999.01.01"]
[SourceVersion "1"]
[SourceVersionDate "1999.01.01"]
[SourceQuality "1"]

1. d4 Nf6 2. Nc3 e6 3. e4 d5 4. Bg5 Be7 5. Bxf6 Bxf6 6. e5 Be7 7. Qg4 Kf8 8. 0-0-0 a6 9. h4 h5 10. Qh3 c5 11. dxc5 Nc6 12. f4 Qa5 13. Kb1 Qxc5 14. g4 Bd7 15. gxh5 Nd4 16. Nf3 Nxf3 17. Qxf3 b5 18. Qg3 b4 19. Ne2 Rxh5 20. Nd4 Ke8 21. Qxg7 Bf8 22. Qg4 Rh6 23. f5 a5 24. Bd3 a4 25. Rhf1 a3 26. Qf4 exf5 27. Bxf5 Bxf5 28. Nxf5 Rh7 29. Nd6+ Bxd6 30. exd6 Kf8 31. Qf5 Rg7 32. Rxd5 Qa7 33. d7 Rd8 34. h5 1-0